000 00439nam a2200157 i 4500
001 74919
003 ES-MaACL
005 20230906172304.0
007 t|
008 040921s1972 sp ||||1| spa d
100 1 _aGonzález del Valle, Máximo.
_958595
245 1 0 _aPoemas niños /
_cMáximo González del Valle.
260 _a[Palencia :
_bs.n.],
_c1972 (
_fMerino)
300 _a56 p. ;
_c22 cm.
852 _aES-MaACL
_jC-48810
_bR.84686
999 _c74919
_d74919